000 00576nam a2200181Ia 4500
008 100921s9999 xx 000 0 und d
082 _b20931
_a891.463 थ 88
100 _aजोगळेकर योगिनी.
245 _aसांगाती.
260 _bराजेंद्र प्रकाशन, पुणे.
_c1988
300 _a214
_b---
365 _b61
520 _aललित-कादंबरी.
630 _aसांगाती.
650 _aललित-कादंबरी.
730 _aसांगाती.
942 _cBOOK
999 _c770044
_d770041